Russian for adults (Record no. 25538)

MARC details
000 -LEADER
fixed length control field 00304nam a2200121Ia 4500
082 ## - DEWEY DECIMAL CLASSIFICATION NUMBER
Classification number 808.2
Item number DUF
100 ## - MAIN ENTRY--AUTHOR NAME
Personal name Duff, Charles
245 #0 - TITLE STATEMENT
Title Russian for adults
260 ## - PUBLICATION, DISTRIBUTION, ETC. (IMPRINT)
Place of publication London
Name of publisher English Universities
Year of publication 1962
700 ## - ADDED ENTRY--PERSONAL NAME
Personal name Makaroff, Dmitri
942 ## - ADDED ENTRY ELEMENTS (KOHA)
Koha item type Books
Holdings
Withdrawn status Lost status Damaged status Not for loan Home library Current library Date acquired Full call number Accession Number Koha item type
        RRII Library RRII Library 16/12/2021 808.2 DUF 06195 Books